| 000 | 00508cam a2200193 4500 | ||
|---|---|---|---|
| 001 | D7895 | ||
| 008 | 090401t1971 xxu||||| |||| 00| 0 eng d | ||
| 035 | _a(Sirsi) u10017 | ||
| 041 | _aeng | ||
| 050 | _a621.867203 | ||
| 110 |
_aThe Pipeline Industries Guild _91675 |
||
| 245 | _aStandard method of measurement for pipeline works | ||
| 260 |
_aLondon _bThe Pipeline Industries Guild _c1971 |
||
| 300 | _a20p. 30cm | ||
| 350 | _a0.5 | ||
| 490 | _aWelded steel pipes | ||
| 942 | _n0 | ||
| 948 | _c04/03/1997 | ||
| 999 |
_c86693 _d86693 |
||